000 00744nam a2200217 i 4500
001 43861
003 ES-MaACL
005 20250522202951.0
007 t|
008 030318s1976 sp ||||1| spa d
100 1 _aCavalcanti, Guido.
_937142
245 1 0 _aRimas /
_cGuido Cavalcanti ; edición bilingüe, traducción y prólogo de Juan Ramón Masoliver.
250 _a[1ª ed.].
260 _aBarcelona, etc. :
_bSeix Barral,
_c[1976]
300 _aXLIX, 145 p. ;
_c20 cm.
490 1 _aBiblioteca breve de bolsillo. Serie Mayor ;
_v34
700 1 _aMasoliver, Juan Ramón,
_d1910-1997
_978748
830 0 _aBiblioteca breve de bolsillo. Serie Mayor ;
_v34
_9181997
852 _aES-MaACL
_jL-6827
_bR.107654
999 _c43861
_d43861